[Event "Quang Ninh GM2 2nd"]
[Site "Ha Long"]
[Date "2025.06.11"]
[Round "9"]
[White "Nguyen, Anh Dung"]
[Black "Setyaki, Azarya Jodi"]
[Result "1/2-1/2"]
[WhiteElo "2429"]
[BlackElo "2343"]
[PlyCount "45"]
[EventDate "2025.06.06"]
[EventType "tourn"]
[EventRounds "10"]
[EventCountry "VIE"]
[EventCategory "6"]
[SourceTitle "CB26_2025"]
[SourceDate "2025.06.25"]
[SourceVersion "1"]
[SourceVersionDate "2025.06.25"]
[SourceQuality "1"]

1. d4 d5 2. c4 c6 3. Nf3 Nf6 4. cxd5 cxd5 5. Nc3 Nc6 6. Bf4 a6 7. e3 Bg4 8. h3 Bxf3 9. Qxf3 e6 10. Bd3 Bd6 11. Bg5 Be7 12. 0-0 0-0 13. Rac1 h6 14. Bxf6 Bxf6 15. Qe2 Rc8 16. Na4 Be7 17. Nc5 Bxc5 18. Rxc5 Nb4 19. Rxc8 Qxc8 20. Bb1 Qd7 21. a3 Nc6 22. Rc1 Rc8 23. Rxc6 1/2-1/2

[Event "Quang Ninh GM2 2nd"]
[Site "Ha Long"]
[Date "2025.06.10"]
[Round "7"]
[White "Laohawirapap, Prin"]
[Black "Nguyen, Anh Dung"]
[Result "1-0"]
[WhiteElo "2370"]
[BlackElo "2429"]
[PlyCount "98"]
[EventDate "2025.06.06"]
[EventType "tourn"]
[EventRounds "10"]
[EventCountry "VIE"]
[EventCategory "6"]
[SourceTitle "CB26_2025"]
[SourceDate "2025.06.25"]
[SourceVersion "1"]
[SourceVersionDate "2025.06.25"]
[SourceQuality "1"]

1. e4 e5 2. Nf3 Nf6 3. Nxe5 d6 4. Nf3 Nxe4 5. d4 d5 6. Bd3 Nc6 7. 0-0 Be7 8. Re1 Bf5 9. Nbd2 Nd6 10. Nf1 0-0 11. Bf4 Bg6 12. Ng3 Re8 13. c3 Bf6 14. Bxg6 Rxe1+ 15. Nxe1 hxg6 16. Qb3 g5 17. Bxd6 Qxd6 18. Nf5 Qd7 19. Ne3 Rd8 20. Qxb7 Rb8 21. Qa6 Rxb2 22. Nd3 Rb6 23. Qa4 Qd6 24. Rd1 Rb8 25. h3 g6 26. Nc5 Bg7 27. Qa6 Kh7 28. Nb7 Qe6 29. Nc5 Qd6 30. a3 Rb2 31. Qc8 Bf6 32. Ne4 dxe4 33. Nc4 Ne7 34. Qe8 Qd5 35. Nxb2 Qb3 36. Rf1 Kg7 37. Na4 Qxa3 38. Nc5 Qxc3 39. Nd7 Qxd4 40. Qf8+ Kh7 41. Qxf7+ Bg7 42. Qxe7 Kh6 43. h4 g4 44. Nf8 Qf6 45. Qxf6 Bxf6 46. Rc1 Be5 47. Nd7 Bd6 48. Nf6 a5 49. Nxe4 Be5 1-0

[Event "Hanoi GM1"]
[Site "Hanoi"]
[Date "2025.01.07"]
[Round "7"]
[White "Tran, Tuan Minh"]
[Black "Nguyen, Anh Dung"]
[Result "1/2-1/2"]
[WhiteElo "2437"]
[BlackElo "2429"]
[PlyCount "40"]
[EventDate "2025.01.03"]
[EventType "tourn"]
[EventRounds "9"]
[EventCountry "VIE"]
[EventCategory "6"]
[SourceTitle "CB04_2025"]
[SourceDate "2025.01.22"]
[SourceVersion "1"]
[SourceVersionDate "2025.01.22"]
[SourceQuality "1"]

1. e4 e5 2. Nf3 Nc6 3. Bc4 Bc5 4. d3 Nf6 5. 0-0 d6 6. b3 Be6 7. Nbd2 0-0 8. a3 h6 9. b4 Bb6 10. Bxe6 fxe6 11. Nc4 Bd4 12. Nxd4 Nxd4 13. c3 Nc6 14. Qe2 Qd7 15. a4 a6 16. Bd2 Ne7 17. f4 exf4 18. Bxf4 e5 19. Be3 Rf7 20. a5 Raf8 1/2-1/2

[Event "Quang Ninh GM2"]
[Site "Ha Long"]
[Date "2024.05.18"]
[Round "8"]
[White "Nguyen, Anh Dung"]
[Black "Setyaki, Azarya Jodi"]
[Result "1-0"]
[WhiteElo "2442"]
[BlackElo "2393"]
[PlyCount "29"]
[EventDate "2024.05.14"]
[EventType "tourn"]
[EventRounds "9"]
[EventCountry "VIE"]
[EventCategory "6"]
[SourceTitle "CBM 220 Extra"]
[Source "ChessBase"]
[SourceDate "2024.07.31"]
[SourceVersion "1"]
[SourceVersionDate "2024.07.31"]
[SourceQuality "1"]

1. d4 d5 2. c4 c6 3. Nf3 Nf6 4. cxd5 cxd5 5. Nc3 Nc6 6. Bf4 a6 7. e3 Bg4 8. h3 Bxf3 9. Qxf3 e6 10. Bd3 Bd6 11. Bg5 Be7 12. 0-0 0-0 13. Rfc1 Rc8 14. Qe2 Ne4 15. Bxe7 1-0

[Event "Quang Ninh GM2"]
[Site "Ha Long"]
[Date "2024.05.15"]
[Round "3"]
[White "Nguyen, Anh Dung"]
[Black "Tran, Tuan Minh"]
[Result "1/2-1/2"]
[WhiteElo "2442"]
[BlackElo "2465"]
[PlyCount "30"]
[EventDate "2024.05.14"]
[EventType "tourn"]
[EventRounds "9"]
[EventCountry "VIE"]
[EventCategory "6"]
[SourceTitle "CBM 220 Extra"]
[Source "ChessBase"]
[SourceDate "2024.07.31"]
[SourceVersion "1"]
[SourceVersionDate "2024.07.31"]
[SourceQuality "1"]

1. d4 Nf6 2. Nf3 g6 3. g3 Bg7 4. c4 0-0 5. Bg2 d6 6. 0-0 c6 7. Nc3 Bf5 8. Bf4 Qb6 9. Qb3 Qxb3 10. axb3 Nbd7 11. Rfe1 Bc2 12. Rec1 Be4 13. Nxe4 Nxe4 14. h3 f5 15. Rd1 Ndf6 1/2-1/2

[Event "Quang Ninh GM2"]
[Site "Ha Long"]
[Date "2024.05.14"]
[Round "2"]
[White "Dinh, Nho Kiet"]
[Black "Nguyen, Anh Dung"]
[Result "1/2-1/2"]
[WhiteElo "2325"]
[BlackElo "2442"]
[PlyCount "62"]
[EventDate "2024.05.14"]
[EventType "tourn"]
[EventRounds "9"]
[EventCountry "VIE"]
[EventCategory "6"]
[SourceTitle "CBM 220 Extra"]
[Source "ChessBase"]
[SourceDate "2024.07.31"]
[SourceVersion "1"]
[SourceVersionDate "2024.07.31"]
[SourceQuality "1"]

1. d4 d5 2. c4 c6 3. cxd5 cxd5 4. Bf4 Nc6 5. e3 Nf6 6. Nc3 a6 7. Bd3 Bg4 8. f3 Bh5 9. g4 Bg6 10. h4 e6 11. h5 Bxd3 12. Qxd3 h6 13. Nge2 Rc8 14. Kf2 Bd6 15. Rac1 Bxf4 16. Nxf4 Qd6 17. Nce2 0-0 18. Qa3 Qxa3 19. bxa3 Na5 20. Nd3 Nd7 21. Rxc8 Rxc8 22. Rc1 Rxc1 23. Nexc1 Nc4 24. Nb3 b6 25. a4 a5 26. Nbc1 Kf8 27. Ne2 Ke7 28. Nc3 Nf6 29. Nf4 Kd6 30. Ke2 Kc6 31. Nd3 Kd6 1/2-1/2

[Event "Hanoi GM-B1 03"]
[Site "Hanoi"]
[Date "2024.03.31"]
[Round "9"]
[White "Nguyen, Anh Dung"]
[Black "Vaz, Ethan"]
[Result "1/2-1/2"]
[WhiteElo "2450"]
[BlackElo "2409"]
[PlyCount "41"]
[EventDate "2024.03.26"]
[EventType "tourn"]
[EventRounds "9"]
[EventCountry "VIE"]
[EventCategory "6"]
[SourceTitle "EXT 2025"]
[Source "ChessBase"]
[SourceDate "2024.10.14"]
[SourceVersion "1"]
[SourceVersionDate "2024.10.14"]
[SourceQuality "1"]

1. d4 Nf6 2. c4 g6 3. Nf3 Bg7 4. g3 0-0 5. Bg2 d6 6. 0-0 c5 7. dxc5 dxc5 8. Nc3 Nc6 9. Be3 Be6 10. Qa4 Nd4 11. Rad1 Bd7 12. Qa3 Nc2 13. Qxc5 b6 14. Qg5 h6 15. Qe5 g5 16. Qd5 Ng4 17. Qb7 Nf6 18. Qxa7 Rb8 19. Qb7 Ra8 20. Qa7 Rb8 21. Qb7 1/2-1/2

[Event "Titled Tuesday intern op 12th Dec Early"]
[Site "Chess.com INT"]
[Date "2023.12.12"]
[Round "8"]
[White "Bacrot, Etienne"]
[Black "Nguyen, Anh Dung"]
[Result "0-1"]
[WhiteElo "2683"]
[BlackElo "2462"]
[PlyCount "92"]
[EventDate "2023.12.12"]
[EventType "swiss (blitz)"]
[EventRounds "11"]
[EventCountry "USA"]
[SourceTitle "CBM 217 Extra"]
[Source "ChessBase"]
[SourceDate "2024.01.31"]
[SourceVersion "1"]
[SourceVersionDate "2024.01.31"]
[SourceQuality "1"]

1. e4 c5 2. Nf3 d6 3. d4 cxd4 4. Nxd4 Nf6 5. Nc3 a6 6. Be3 e5 7. Nb3 Be6 8. h3 Nbd7 9. Qf3 b5 10. 0-0-0 Be7 11. g4 b4 12. Nd5 Bxd5 13. exd5 0-0 14. g5 Ne8 15. h4 a5 16. Kb1 a4 17. Nd2 f5 18. gxf6 Nexf6 19. Bh3 a3 20. b3 Qc7 21. Nc4 e4 22. Qg3 Ne5 23. Be6+ Kh8 24. Bd4 Nh5 25. Qe3 Nxc4 26. bxc4 Bf6 27. Bxf6 Rxf6 28. Rd4 Raf8 29. Rxe4 Rxf2 30. Re1 R2f3 31. Qd2 Nf6 32. R4e2 Rc3 33. Rg2 Qxc4 34. Rxg7 Kxg7 35. Rg1+ Ng4 36. Qg5+ Kh8 37. Bxg4 Rf1+ 38. Bd1 Rxg1 39. Qf6+ Kg8 40. Qe6+ Kf8 41. Qf6+ Ke8 42. Qe6+ Kd8 43. Qf6+ Kc7 44. Qf7+ Kb6 45. Qf2+ Qc5 46. Qe2 Rxd1+ 0-1

[Event "Hanoi GM 12"]
[Site "Hanoi"]
[Date "2023.12.10"]
[Round "9.2"]
[White "Liu, Yi"]
[Black "Nguyen, Anh Dung"]
[Result "1/2-1/2"]
[WhiteElo "2307"]
[BlackElo "2462"]
[PlyCount "79"]
[EventDate "2023.12.06"]
[EventType "team-schev"]
[EventRounds "9"]
[EventCountry "VIE"]
[SourceTitle "EXT 2025"]
[Source "ChessBase"]
[SourceDate "2024.10.14"]
[SourceVersion "1"]
[SourceVersionDate "2024.10.14"]
[SourceQuality "1"]
[WhiteTeam "Team D"]
[BlackTeam "Team A"]
[WhiteTeamCountry "VIE"]
[BlackTeamCountry "VIE"]

1. d4 Nf6 2. c4 e6 3. Nf3 b6 4. Nc3 Bb7 5. Bg5 h6 6. Bh4 d6 7. Qc2 Nbd7 8. e4 g5 9. Bg3 Nh5 10. 0-0-0 Bg7 11. Kb1 Nxg3 12. hxg3 g4 13. Ng1 Qg5 14. Nb5 0-0 15. Nxc7 Rad8 16. Nb5 Nf6 17. Nc3 a6 18. a4 Rc8 19. Bd3 d5 20. cxd5 exd5 21. e5 Ne4 22. Bxe4 dxe4 23. Nge2 b5 24. Qd2 b4 25. Qxg5 hxg5 26. Na2 a5 27. Rc1 Ba6 28. Rxc8 Rxc8 29. Nac1 Bc4 30. Rd1 Bd5 31. Rd2 Kh7 32. b3 Kg6 33. Kb2 Kf5 34. Rc2 Rxc2+ 35. Kxc2 Bf8 36. Kd2 Bg7 37. Ke3 Bf8 38. Ng1 Bh6 39. Nge2 Bf8 40. Ng1 1/2-1/2

[Event "Hanoi GM 12"]
[Site "Hanoi"]
[Date "2023.12.08"]
[Round "6.3"]
[White "Murshed, Niaz"]
[Black "Nguyen, Anh Dung"]
[Result "1/2-1/2"]
[WhiteElo "2363"]
[BlackElo "2462"]
[PlyCount "40"]
[EventDate "2023.12.06"]
[EventType "team-schev"]
[EventRounds "9"]
[EventCountry "VIE"]
[SourceTitle "EXT 2025"]
[Source "ChessBase"]
[SourceDate "2024.10.14"]
[SourceVersion "1"]
[SourceVersionDate "2024.10.14"]
[SourceQuality "1"]
[WhiteTeam "Team B"]
[BlackTeam "Team A"]
[WhiteTeamCountry "VIE"]
[BlackTeamCountry "VIE"]

1. d4 d5 2. c4 c6 3. cxd5 cxd5 4. Nc3 Nc6 5. Nf3 Nf6 6. Bf4 Bf5 7. e3 e6 8. Bd3 Bxd3 9. Qxd3 Bd6 10. Bxd6 Qxd6 11. 0-0 0-0 12. Rfc1 Rfc8 13. a3 h6 14. h3 a6 15. Rc2 Na5 16. Rac1 Nb3 17. Rd1 Na5 18. Rdc1 Nb3 19. Rd1 Na5 20. Rdc1 Nb3 1/2-1/2

[Event "Hanoi GM 12"]
[Site "Hanoi"]
[Date "2023.12.06"]
[Round "2.3"]
[White "Nguyen, Anh Dung"]
[Black "Banh, Gia Huy"]
[Result "1/2-1/2"]
[WhiteElo "2462"]
[BlackElo "2396"]
[PlyCount "42"]
[EventDate "2023.12.06"]
[EventType "team-schev"]
[EventRounds "9"]
[EventCountry "VIE"]
[SourceTitle "EXT 2025"]
[Source "ChessBase"]
[SourceDate "2024.10.14"]
[SourceVersion "1"]
[SourceVersionDate "2024.10.14"]
[SourceQuality "1"]
[WhiteTeam "Team A"]
[BlackTeam "Team C"]
[WhiteTeamCountry "VIE"]
[BlackTeamCountry "VIE"]

1. d4 Nf6 2. c4 e6 3. Nf3 d5 4. g3 dxc4 5. Bg2 c5 6. 0-0 Nc6 7. Qa4 Bd7 8. dxc5 Bxc5 9. Qxc4 Be7 10. Nc3 0-0 11. Rd1 Rc8 12. Bg5 h6 13. Bxf6 Bxf6 14. Qd3 Bxc3 15. Qxc3 Qe7 16. Ne5 Nxe5 17. Qxe5 Bc6 18. Bxc6 Rxc6 19. Rac1 Rd8 20. Rxd8+ Qxd8 21. Rxc6 bxc6 1/2-1/2

[Event "Hanoi GM 12"]
[Site "Hanoi"]
[Date "2023.12.06"]
[Round "1.3"]
[White "Nguyen, Anh Dung"]
[Black "Setyaki, Azarya Jodi"]
[Result "1-0"]
[WhiteElo "2462"]
[BlackElo "2391"]
[PlyCount "67"]
[EventDate "2023.12.06"]
[EventType "team-schev"]
[EventRounds "9"]
[EventCountry "VIE"]
[SourceTitle "EXT 2025"]
[Source "ChessBase"]
[SourceDate "2024.10.14"]
[SourceVersion "1"]
[SourceVersionDate "2024.10.14"]
[SourceQuality "1"]
[WhiteTeam "Team A"]
[BlackTeam "Team B"]
[WhiteTeamCountry "VIE"]
[BlackTeamCountry "VIE"]

1. d4 d5 2. c4 e6 3. Nf3 c5 4. cxd5 exd5 5. g3 Nf6 6. Bg2 Nc6 7. 0-0 Be7 8. dxc5 Bxc5 9. a3 Ne4 10. b4 Be7 11. Bb2 Bf6 12. Ra2 0-0 13. Bxf6 Qxf6 14. Rc2 Bf5 15. b5 Na5 16. Nd4 Rac8 17. Rxc8 Rxc8 18. Qd2 b6 19. Rd1 h5 20. Bf3 Rc5 21. a4 g6 22. Bg2 Ng5 23. e3 Ne6 24. Be4 Nxd4 25. Qa2 Ne2+ 26. Kf1 Nc1 27. Nd2 Kg7 28. Qb1 Rc7 29. Kg2 Nab3 30. Bf3 Kf8 31. Qe4 Re7 32. Qf4 Kg8 33. Be4 Rc7 34. Kf1 1-0

[Event "Hanoi GM"]
[Site "Hanoi"]
[Date "2022.05.24"]
[Round "1"]
[White "Pranav, Anand"]
[Black "Nguyen, Anh Dung"]
[Result "1/2-1/2"]
[WhiteElo "2479"]
[BlackElo "2475"]
[PlyCount "72"]
[EventDate "2022.05.24"]
[EventType "tourn"]
[EventRounds "9"]
[EventCountry "VIE"]
[EventCategory "8"]
[SourceTitle "CBM 208 Extra"]
[Source "ChessBase"]
[SourceDate "2022.07.31"]
[SourceVersion "1"]
[SourceVersionDate "2022.07.31"]
[SourceQuality "1"]

1. d4 Nf6 2. c4 e6 3. Nc3 Bb4 4. Qc2 0-0 5. a3 Bxc3+ 6. Qxc3 b6 7. Bg5 Bb7 8. f3 c5 9. dxc5 bxc5 10. e3 d6 11. Rd1 a5 12. Nh3 Ra6 13. Qc2 Nbd7 14. Be2 Rb6 15. 0-0 Qe7 16. Rd2 h6 17. Bh4 d5 18. Rc1 Rb8 19. Nf2 Bc6 20. Nd1 Rb3 21. Bf2 a4 22. Bf1 R8b7 23. Be2 R7b6 24. Bf1 Qe8 25. cxd5 exd5 26. Qf5 Bb5 27. Bxb5 R6xb5 28. Nc3 Rxb2 29. Rxb2 Rxb2 30. Nxd5 Nxd5 31. Qxd5 Rb3 32. e4 Rxa3 33. Bxc5 Nxc5 34. Qxc5 Rb3 35. Ra1 Qb8 36. Rxa4 Rb2 1/2-1/2

[Event "VIE-ch"]
[Site "Hanoi"]
[Date "2020.10.11"]
[Round "9"]
[White "Vu, Hoang Gia Bao"]
[Black "Nguyen, Anh Dung"]
[Result "0-1"]
[WhiteElo "1760"]
[BlackElo "1589"]
[PlyCount "52"]
[EventDate "2020.10.05"]
[EventType "swiss"]
[EventRounds "9"]
[EventCountry "VIE"]
[SourceTitle "EXT 2022"]
[Source "ChessBase"]
[SourceDate "2021.10.06"]
[SourceVersion "1"]
[SourceVersionDate "2021.10.06"]
[SourceQuality "1"]

1. g3 f5 2. Nf3 Nf6 3. c4 g6 4. Nc3 Bg7 5. Bg2 d6 6. d4 0-0 7. 0-0 c6 8. Qb3 h6 9. h4 Qe8 10. Re1 Nbd7 11. c5+ Kh8 12. cxd6 exd6 13. d5 Nc5 14. Qd1 Nce4 15. dxc6 bxc6 16. Bf4 d5 17. Be5 Nxf2 18. Qd4 N2g4 19. Rac1 c5 20. Qf4 g5 21. hxg5 hxg5 22. Nxg5 Qxe5 23. Qxe5 Nxe5 24. Nxd5 Nxd5 25. Bxd5 Rb8 26. Rxc5 Bf6 0-1

[Event "VIE-ch"]
[Site "Hanoi"]
[Date "2020.10.06"]
[Round "3"]
[White "Nguyen, Hoang Nam2"]
[Black "Nguyen, Anh Dung"]
[Result "1-0"]
[WhiteElo "2183"]
[BlackElo "1589"]
[PlyCount "85"]
[EventDate "2020.10.05"]
[EventType "swiss"]
[EventRounds "9"]
[EventCountry "VIE"]
[SourceTitle "EXT 2022"]
[Source "ChessBase"]
[SourceDate "2021.10.06"]
[SourceVersion "1"]
[SourceVersionDate "2021.10.06"]
[SourceQuality "1"]

1. e4 c5 2. Nf3 e6 3. c4 a6 4. Nc3 d6 5. Be2 Nf6 6. d4 cxd4 7. Nxd4 Qc7 8. 0-0 b6 9. Be3 Bb7 10. f3 Be7 11. Rc1 Nbd7 12. b4 0-0 13. Qb3 Kh8 14. Rfd1 Rg8 15. Qb2 g5 16. Bf1 Rg7 17. Nd5 Qd8 18. Nxe7 Qxe7 19. b5 Rc8 20. bxa6 Bxa6 21. Nb5 Bxb5 22. cxb5 Nc5 23. e5 dxe5 24. Qxe5 Nfd7 25. Qd6 f6 26. a4 Ra8 27. Bxc5 Nxc5 28. Qxb6 Nxa4 29. Qe3 Rb8 30. Rc6 e5 31. Rdd6 Rf7 32. h3 Rd8 33. Re6 Qf8 34. Kh2 Nb2 35. b6 Kg7 36. Rc7 Qb4 37. Rec6 Rd1 38. Bc4 Nxc4 39. Rxf7+ Kxf7 40. Qe4 Qb1 41. Rc7+ Ke6 42. Qxc4+ Kf5 43. g4+ 1-0

[Event "VIE-ch"]
[Site "Hanoi"]
[Date "2020.10.05"]
[Round "1"]
[White "Tong, Thai Hung"]
[Black "Nguyen, Anh Dung"]
[Result "1/2-1/2"]
[WhiteElo "2190"]
[BlackElo "1589"]
[PlyCount "76"]
[EventDate "2020.10.05"]
[EventType "swiss"]
[EventRounds "9"]
[EventCountry "VIE"]
[SourceTitle "EXT 2022"]
[Source "ChessBase"]
[SourceDate "2021.10.06"]
[SourceVersion "1"]
[SourceVersionDate "2021.10.06"]
[SourceQuality "1"]

1. d4 f5 2. Bg5 Nf6 3. Bxf6 exf6 4. e3 d5 5. Bd3 Be6 6. Ne2 Bd6 7. c3 Qe7 8. Qc2 g6 9. h4 Nd7 10. Qa4 c6 11. Nd2 Nb6 12. Qb3 Bc7 13. a4 Rb8 14. h5 g5 15. g3 Nc8 16. c4 Nd6 17. c5 Ne4 18. Qc2 a5 19. Nf1 g4 20. Nd2 0-0 21. 0-0 b6 22. Nb3 bxc5 23. Bxe4 c4 24. Bxf5 Rxb3 25. Ra2 Rfb8 26. Nc3 Qd7 27. Bxe6+ Qxe6 28. Nd1 f5 29. Re1 Qf7 30. Kg2 Qxh5 31. Rh1 Qg5 32. Nc3 Kg7 33. Ne2 Kg6 34. Rh4 h5 35. Nc3 Qe7 36. Rxh5 Kxh5 37. Qxf5+ Qg5 38. Qh7+ Qh6 1/2-1/2

[Event "Pattaya op 1st"]
[Site "Pattaya"]
[Date "2019.07.16"]
[Round "9"]
[White "Nguyen, Anh Dung"]
[Black "Schebler, Gerhard"]
[Result "1/2-1/2"]
[WhiteElo "2470"]
[BlackElo "2391"]
[PlyCount "62"]
[EventDate "2019.07.09"]
[EventType "swiss"]
[EventRounds "9"]
[EventCountry "THA"]
[SourceTitle "EXT 2020"]
[Source "ChessBase"]
[SourceDate "2019.10.17"]
[SourceVersion "1"]
[SourceVersionDate "2019.10.17"]
[SourceQuality "1"]

1. d4 Nf6 2. c4 g6 3. Nc3 Bg7 4. e4 d6 5. Nf3 0-0 6. Be2 e5 7. 0-0 exd4 8. Nxd4 Re8 9. f3 Nc6 10. Be3 Nh5 11. f4 Nf6 12. Bf3 Bg4 13. Nxc6 Bxf3 14. Qxf3 bxc6 15. Rad1 Nxe4 16. f5 Nxc3 17. bxc3 Qe7 18. Bd4 Bxd4+ 19. cxd4 Qe3+ 20. Qxe3 Rxe3 21. Rb1 gxf5 22. Rb7 Rc3 23. Rxc7 Rxc4 24. Rxf5 Rf8 25. d5 Rc5 26. Rg5+ Kh8 27. Rxc6 Rxc6 28. dxc6 Rc8 29. Ra5 Rxc6 30. Rxa7 Rc2 31. Rxf7 Rxa2 1/2-1/2

[Event "Pattaya op 1st"]
[Site "Pattaya"]
[Date "2019.07.15"]
[Round "8"]
[White "Tsydypov, Zhamsaran"]
[Black "Nguyen, Anh Dung"]
[Result "1-0"]
[WhiteElo "2565"]
[BlackElo "2470"]
[PlyCount "111"]
[EventDate "2019.07.09"]
[EventType "swiss"]
[EventRounds "9"]
[EventCountry "THA"]
[SourceTitle "EXT 2020"]
[Source "ChessBase"]
[SourceDate "2019.10.17"]
[SourceVersion "1"]
[SourceVersionDate "2019.10.17"]
[SourceQuality "1"]

1. e4 e5 2. Nf3 Nc6 3. d4 exd4 4. Nxd4 Bc5 5. Nb3 Bb6 6. Nc3 Nf6 7. Bg5 h6 8. Bh4 d6 9. Qe2 g5 10. Bg3 Qe7 11. 0-0-0 Be6 12. f3 0-0-0 13. Qe1 d5 14. exd5 Nxd5 15. Nxd5 Bxd5 16. Qxe7 Nxe7 17. Bd3 Ng6 18. c4 Be3+ 19. Kc2 Bc6 20. Rhe1 Bf4 21. Kc3 Nh4 22. Re2 Rhe8 23. Rde1 Rxe2 24. Rxe2 Bd7 25. Be4 Bxg3 26. hxg3 Nf5 27. Bxf5 Bxf5 28. Nd4 Bg6 29. b4 Kd7 30. Nb5 Ra8 31. Rd2+ Kc8 32. Nd4 c6 33. Nb3 Kc7 34. Re2 Kd6 35. Na5 b6 36. c5+ Kd7 37. Nc4 bxc5 38. bxc5 f6 39. Rb2 h5 40. Kd4 Ke6 41. Nd6 Rh8 42. f4 gxf4 43. gxf4 f5 44. Rb7 h4 45. Rc7 Rb8 46. Rxc6 Kd7 47. Ra6 Rb2 48. Nc4 Rxg2 49. Ne5+ Kc8 50. Nxg6 h3 51. Ne7+ Kd7 52. Nxf5 h2 53. Rh6 Rxa2 54. Kd5 a5 55. Rh7+ Kd8 56. Nd6 1-0

[Event "Pattaya op 1st"]
[Site "Pattaya"]
[Date "2019.07.14"]
[Round "7"]
[White "Nguyen, Anh Dung"]
[Black "Dimakiling, Oliver"]
[Result "1-0"]
[WhiteElo "2470"]
[BlackElo "2403"]
[PlyCount "94"]
[EventDate "2019.07.09"]
[EventType "swiss"]
[EventRounds "9"]
[EventCountry "THA"]
[SourceTitle "EXT 2020"]
[Source "ChessBase"]
[SourceDate "2019.10.17"]
[SourceVersion "1"]
[SourceVersionDate "2019.10.17"]
[SourceQuality "1"]

1. d4 d5 2. c4 c6 3. Nf3 Nf6 4. Nc3 a6 5. c5 Bf5 6. Bf4 Nh5 7. Bd2 Nd7 8. Nh4 Bg6 9. Nxg6 hxg6 10. e4 e5 11. exd5 exd4 12. Qe2+ Qe7 13. Ne4 Nxc5 14. Nxc5 Qxe2+ 15. Bxe2 Bxc5 16. Rc1 Bd6 17. dxc6 0-0-0 18. Bf3 Rhe8+ 19. Kd1 b6 20. g3 Kc7 21. Re1 Rxe1+ 22. Bxe1 f5 23. Rc4 Be7 24. Bd2 Nf6 25. Bf4+ Bd6 26. Rxd4 Bxf4 27. Rxd8 Kxd8 28. gxf4 Nh5 29. Bxh5 gxh5 30. Ke2 Kc7 31. Kf3 Kxc6 32. Kg3 Kd5 33. Kh4 Ke4 34. Kxh5 Kxf4 35. Kg6 Kf3 36. Kxf5 Kxf2 37. Kg6 Kg2 38. h4 Kg3 39. h5 Kg4 40. Kxg7 Kxh5 41. Kf6 Kg4 42. Ke5 Kf3 43. Kd5 Ke3 44. Kc6 b5 45. b4 Kd4 46. Kb6 Kc4 47. a3 Kd5 1-0

[Event "Pattaya op 1st"]
[Site "Pattaya"]
[Date "2019.07.13"]
[Round "6"]
[White "Pascua, Haridas"]
[Black "Nguyen, Anh Dung"]
[Result "1/2-1/2"]
[WhiteElo "2429"]
[BlackElo "2470"]
[PlyCount "129"]
[EventDate "2019.07.09"]
[EventType "swiss"]
[EventRounds "9"]
[EventCountry "THA"]
[SourceTitle "EXT 2020"]
[Source "ChessBase"]
[SourceDate "2019.10.17"]
[SourceVersion "1"]
[SourceVersionDate "2019.10.17"]
[SourceQuality "1"]

1. d4 d5 2. Nf3 Bf5 3. c3 c6 4. Qb3 Qb6 5. Bf4 Nd7 6. Nbd2 Ngf6 7. e3 Nh5 8. Nh4 Bg6 9. Bg3 e6 10. Be2 Be7 11. Nxg6 hxg6 12. 0-0-0 Nxg3 13. hxg3 0-0-0 14. Qxb6 axb6 15. e4 dxe4 16. Nxe4 f5 17. Nd2 e5 18. dxe5 Nxe5 19. f4 Rxh1 20. Rxh1 Nd3+ 21. Bxd3 Rxd3 22. Nf3 Bf6 23. Kc2 Rd8 24. Rh7 Kd7 25. Rh1 Re8 26. Kd3 b5 27. Re1 Rxe1 28. Nxe1 g5 29. Nf3 g4 30. Nd4 g6 31. b3 Kd6 32. a4 bxa4 33. bxa4 Bd8 34. Nb3 Bb6 35. Nd2 Bf2 36. Nc4+ Ke6 37. Na5 b5 38. axb5 cxb5 39. Nc6 Bxg3 40. Nd4+ Kd5 41. Nxb5 Bxf4 42. c4+ Kc5 43. Nd4 Be5 44. Ne6+ Kd6 45. Nd8 Bf6 46. Nb7+ Kc6 47. Na5+ Kc5 48. Nb3+ Kb4 49. Nd4 Bxd4 50. Kxd4 f4 51. c5 Kb5 52. Kd5 f3 53. gxf3 gxf3 54. c6 Kb6 55. Kd6 f2 56. c7 f1Q 57. c8Q Qf4+ 58. Kd5 g5 59. Qe6+ Kb5 60. Qe8+ Ka5 61. Qe4 Qf7+ 62. Ke5 Qg7+ 63. Kf5 Qh7+ 64. Ke5 Qxe4+ 65. Kxe4 1/2-1/2

[Event "Pattaya op 1st"]
[Site "Pattaya"]
[Date "2019.07.11"]
[Round "3"]
[White "Kulpruethanon, Thanadon"]
[Black "Nguyen, Anh Dung"]
[Result "0-1"]
[WhiteElo "2241"]
[BlackElo "2470"]
[PlyCount "122"]
[EventDate "2019.07.09"]
[EventType "swiss"]
[EventRounds "9"]
[EventCountry "THA"]
[SourceTitle "EXT 2020"]
[Source "ChessBase"]
[SourceDate "2019.10.17"]
[SourceVersion "1"]
[SourceVersionDate "2019.10.17"]
[SourceQuality "1"]

1. e4 c5 2. Nc3 g6 3. d4 cxd4 4. Qxd4 Nf6 5. Be3 Nc6 6. Qd2 Bg7 7. f3 0-0 8. 0-0-0 d6 9. h4 Be6 10. Nge2 Qa5 11. Kb1 Rfc8 12. Nc1 Ne5 13. Nd5 Qxd2 14. Rxd2 Nxd5 15. exd5 Bf5 16. b3 h5 17. Ne2 Bd7 18. Nd4 a6 19. c4 Rc7 20. Be2 Be8 21. f4 Ng4 22. Bxg4 hxg4 23. h5 b5 24. hxg6 bxc4 25. Nf5 Bf6 26. Nh6+ Kg7 27. Nxg4 cxb3 28. axb3 Rb8 29. Nxf6 exf6 30. Ka2 Rc3 31. Bd4 Rcxb3 32. Rh7+ Kxg6 33. Rh3 Ba4 34. f5+ Kxf5 35. Rf2+ Ke4 36. Rh4+ Kxd5 37. Ba7 R8b4 38. Rxb4 Rxb4 39. Ka3 Rb7 40. Rd2+ Ke6 41. Re2+ Kd5 42. Rd2+ Ke6 43. Re2+ Kf5 44. Bd4 Bb5 45. Rf2+ Ke4 46. Bxf6 d5 47. Kb4 d4 48. g3 Be2+ 49. Kc5 Rb5+ 50. Kc6 d3 51. Bc3 Ke3 52. Rxf7 d2 53. Re7+ Kd3 54. Bxd2 Kxd2 55. Ra7 Rg5 56. Kb6 Rxg3 57. Rc7 Rg5 58. Rc8 Rb5+ 59. Ka7 Rb4 60. Rc5 Rb5 61. Rc6 a5 0-1

[Event "VIE-ch"]
[Site "Ho Chi Minh City"]
[Date "2019.05.07"]
[Round "7"]
[White "Nguyen, Anh Dung"]
[Black "Nguyen, Anh Khoi"]
[Result "0-1"]
[WhiteElo "2470"]
[BlackElo "2507"]
[PlyCount "104"]
[EventDate "2019.05.02"]
[EventType "swiss"]
[EventRounds "9"]
[EventCountry "VIE"]
[SourceTitle "CBM 190 Extra"]
[Source "ChessBase"]
[SourceDate "2019.07.15"]
[SourceVersion "1"]
[SourceVersionDate "2019.07.15"]
[SourceQuality "1"]

1. d4 Nf6 2. c4 g6 3. Nc3 Bg7 4. e4 d6 5. Nf3 0-0 6. Be2 Nbd7 7. 0-0 e5 8. Re1 Re8 9. Bf1 a6 10. Be3 exd4 11. Bxd4 c6 12. Qc2 Ne5 13. Nxe5 dxe5 14. Bc5 Bf8 15. Rad1 Qc7 16. Bxf8 Rxf8 17. Na4 Be6 18. Nc5 Qe7 19. Nxe6 Qxe6 20. c5 Rad8 21. b4 Qe7 22. g3 Kg7 23. f3 h5 24. Bh3 h4 25. Kg2 a5 26. a3 axb4 27. axb4 b6 28. b5 bxc5 29. bxc6 Rd6 30. Qa4 Rfd8 31. Bd7 Nxd7 32. Rxd6 Nb6 33. Rxd8 Nxa4 34. Red1 h3+ 35. Kxh3 Qe6+ 36. Kg2 Qxc6 37. Rb8 Qa6 38. Rd2 c4 39. g4 c3 40. Rdd8 Qe2+ 41. Kg3 Qe3 42. h4 Nc5 43. Rg8+ Kf6 44. g5+ Ke7 45. Rge8+ Kd6 46. Red8+ Nd7 47. Rb7 Qf4+ 48. Kg2 Qd2+ 49. Kh3 Kc6 50. Rb3 Kc7 51. Ra8 c2 52. Ra7+ Kd8 0-1